| 000 | 01625cam a2200301 a 4500 | ||
|---|---|---|---|
| 003 | OSt | ||
| 005 | 20200828125627.0 | ||
| 008 | 120816s2011 ck abo gr 000 0 spa d | ||
| 020 | _a9789586711449 | ||
| 040 |
_aCO-BoBLA _bspa _cCO-JMCR _dCO-BoPUJ |
||
| 041 | 0 | _aspa | |
| 082 | 0 | 4 |
_a028.9 / _bC397c _223 |
| 110 | 2 |
_aCentro Regional para el Fomento del Libro en América Latina y el Caribe _99457 |
|
| 245 | 1 | 0 |
_aCERLALC : _buna historia de libros e integración / _cCentro Regional para el Fomento del Libro en América Latina y el Caribe ; coordinación editorial Juan Pablo Mojica Gómez y Lina María Aristizábal Durán |
| 250 | _aPrimera edición | ||
| 260 |
_aBogotá : _bCERLALC : _bUnesco, _c2011. |
||
| 300 |
_a143 páginas : _bilustraciones, fotos (algunas a color) y 1 mapa ; _c30 cm. |
||
| 505 | 0 | _aSaciar el hambre de los libros -- América Latina apuesta por el libro -- Consolidar la cadena de valor -- Libros, integración y globalización -- El siglo de los lectores -- Papel bytes: los mismos libros | |
| 610 | 2 | 4 |
_aCentro Regional para el Fomento del Libro en América Latina y el Caribe _xHistoria _99458 |
| 650 | 1 | 4 |
_aPromoción de la lectura _xHistoria _zAmérica Latina _99459 |
| 650 | 2 | 4 |
_aPromoción de la lectura _xHistoria _zRegión Caribe _99460 |
| 650 | 2 | 4 |
_aLibros y lectura _xHistoria _zAmérica Latina _99461 |
| 650 | 2 | 4 |
_aLibros y lectura _xHistoria _zRegión Caribe _99462 |
| 700 | 1 |
_aMojica Gómez, Juan Pablo _eeditor _99463 |
|
| 700 | 1 |
_aAristizábal Durán, Lina María _eeditora _99464 |
|
| 942 |
_2ddc _cBK |
||
| 999 |
_c6802 _d6802 |
||